<?xml version="1.0" encoding="UTF-8"?><?xml-stylesheet type="text/xsl" href="static/style.xsl"?><OAI-PMH xmlns="http://www.openarchives.org/OAI/2.0/" xmlns:xsi="http://www.w3.org/2001/XMLSchema-instance" xsi:schemaLocation="http://www.openarchives.org/OAI/2.0/ http://www.openarchives.org/OAI/2.0/OAI-PMH.xsd"><responseDate>2026-06-04T22:38:40Z</responseDate><request verb="GetRecord" identifier="oai:riuma.uma.es:10630/46771" metadataPrefix="marc">https://riuma.uma.es/rest/oai/request</request><GetRecord><record><header><identifier>oai:riuma.uma.es:10630/46771</identifier><datestamp>2026-06-01T23:46:22Z</datestamp><setSpec>com_10630_2254</setSpec><setSpec>col_10630_37959</setSpec></header><metadata><record xmlns="http://www.loc.gov/MARC21/slim" xmlns:dcterms="http://purl.org/dc/terms/" xmlns:doc="http://www.lyncode.com/xoai" xmlns:xsi="http://www.w3.org/2001/XMLSchema-instance" xsi:schemaLocation="http://www.loc.gov/MARC21/slim http://www.loc.gov/standards/marcxml/schema/MARC21slim.xsd">
   <leader>00925njm 22002777a 4500</leader>
   <datafield ind2=" " ind1=" " tag="042">
      <subfield code="a">dc</subfield>
   </datafield>
   <datafield ind2=" " ind1=" " tag="720">
      <subfield code="a">Gallego-Molina, Nicolás Jesús</subfield>
      <subfield code="e">author</subfield>
   </datafield>
   <datafield ind2=" " ind1=" " tag="720">
      <subfield code="a">Ortiz-García, Andrés</subfield>
      <subfield code="e">author</subfield>
   </datafield>
   <datafield ind2=" " ind1=" " tag="720">
      <subfield code="a">Castillo-Barnes, Diego</subfield>
      <subfield code="e">author</subfield>
   </datafield>
   <datafield ind2=" " ind1=" " tag="720">
      <subfield code="a">Rodríguez-Rodríguez. Ignacio</subfield>
      <subfield code="e">author</subfield>
   </datafield>
   <datafield ind2=" " ind1=" " tag="260">
      <subfield code="c">2026-05-29</subfield>
   </datafield>
   <datafield ind2=" " ind1=" " tag="520">
      <subfield code="a">Functional Near-Infrared Spectroscopy (fNIRS) is a promising neuroimaging technique due to its non-invasive nature and tolerance to movement. However, its interpretation is often hindered by physiological and systemic artifacts that mask neural activity. In this work, we propose a data-driven framework to extract neural components from fNIRS signals and to analyze interhemispheric functional connectivity in language disorders. The approach is based on Complete Ensemble Empirical Mode Decomposition with Adaptive Noise (CEEMDAN) combined with Hilbert spectral analysis to isolate oscillatory components associated with neural hemodynamics without relying on predefined frequency filters. Then, functional connectivity is computed between channels across hemispheres and statistically significant connections are identified through Mann–Whitney U test and subsequently used as features within a nested classification framework based on XGBoost. The results reveal altered interhemispheric connectivity patterns and demonstrate the discriminative potential of the extracted features, achieving stable classification performance across cross-validation folds.</subfield>
   </datafield>
   <datafield ind1="8" ind2=" " tag="024">
      <subfield code="a">Gallego-Molina, N.J., Ortiz, A., Castillo-Barnes, D., Rodríguez-Rodríguez, I. (2026). Hilbert Spectrum-Based Approach for fNIRS Interhemispheric Functional Connectivity Analysis. In: Ferrández Vicente, J.M., Val-Calvo, M., Adeli, H. (eds) Artificial Intelligence for Neuroscience, Mental Health, and Neurodegenerative Disorders. IWINAC 2026. Lecture Notes in Computer Science, vol 16574. Springer, Cham. https://doi.org/10.1007/978-3-032-27314-7_2</subfield>
   </datafield>
   <datafield ind1="8" ind2=" " tag="024">
      <subfield code="a">https://hdl.handle.net/10630/46771</subfield>
   </datafield>
   <datafield ind1="8" ind2=" " tag="024">
      <subfield code="a">10.1007/978-3-032-27314-7_2</subfield>
   </datafield>
   <datafield tag="653" ind2=" " ind1=" ">
      <subfield code="a">Procesado de señales</subfield>
   </datafield>
   <datafield tag="653" ind2=" " ind1=" ">
      <subfield code="a">Cerebro - Imágenes</subfield>
   </datafield>
   <datafield ind2="0" ind1="0" tag="245">
      <subfield code="a">Hilbert Spectrum-Based Approach for fNIRS Interhemispheric Functional Connectivity Analysis.</subfield>
   </datafield>
</record>
</metadata></record></GetRecord></OAI-PMH>